000 00585nam a2200217Ia 4500
005 20250508170044.0
008 008 250505s9999 xx 000 0 eng d
037 _aTextual
040 _aFEDL
_beng
_cFEDL
041 _aeng
_2eng
084 _a370.7, RAD
_qFEDL
100 _aRadha Mohan
245 0 _aTeacher education
250 _a2
260 _aDelhi, India
_bPHI Learning Private Limited
_c2019
300 _axviii, 298p.
365 _aINR
_b350
546 _aGifted by H O D Namita Ranganathan
942 _cTEXL
_h370.7, RAD
999 _c1398970
_d1398970